<?xml version="1.0" encoding="UTF-8"?>
<record
    xmlns:xsi="http://www.w3.org/2001/XMLSchema-instance"
    xsi:schemaLocation="http://www.loc.gov/MARC21/slim http://www.loc.gov/standards/marcxml/schema/MARC21slim.xsd"
    xmlns="http://www.loc.gov/MARC21/slim">

  <leader>00810nam a22001817a 4500</leader>
  <controlfield tag="005">20250403154656.0</controlfield>
  <datafield tag="010" ind1=" " ind2=" ">
    <subfield code="a">HIN- 127959 HIN-129587</subfield>
  </datafield>
  <datafield tag="020" ind1=" " ind2=" ">
    <subfield code="c">250.00</subfield>
    <subfield code="a">9788195550685</subfield>
  </datafield>
  <datafield tag="035" ind1=" " ind2=" ">
    <subfield code="a">HN-100305 HN-101933</subfield>
  </datafield>
  <datafield tag="037" ind1=" " ind2=" ">
    <subfield code="b">DBAD</subfield>
  </datafield>
  <datafield tag="082" ind1=" " ind2=" ">
    <subfield code="a">&#x915;</subfield>
  </datafield>
  <datafield tag="100" ind1=" " ind2=" ">
    <subfield code="a">&#x924;&#x94D;&#x930;&#x93F;&#x916;&#x93E;, &#x928;&#x940;&#x932;&#x92E;</subfield>
    <subfield code="9">80236</subfield>
  </datafield>
  <datafield tag="245" ind1=" " ind2=" ">
    <subfield code="a">&#x915;&#x941;&#x91F;&#x941;&#x902;&#x92C; &#x932;&#x918;&#x941;&#x915;&#x925;&#x93E;&#x90F;&#x902;/</subfield>
    <subfield code="c">  &#x938;&#x902;&#x92A;&#x93E;&#x926;&#x915; &#x926;&#x94D;&#x935;&#x93E;&#x930;&#x93E; &#x928;&#x940;&#x932;&#x92E; &#x924;&#x94D;&#x930;&#x93F;&#x916;&#x93E;</subfield>
  </datafield>
  <datafield tag="260" ind1=" " ind2=" ">
    <subfield code="a">&#x92A;&#x941;&#x923;&#x947;</subfield>
    <subfield code="b">&#x938;&#x902;&#x91C;&#x94D;&#x92F;&#x94B;&#x924;&#x940; &#x92A;&#x92C;&#x94D;&#x932;&#x93F;&#x915;&#x947;&#x936;&#x928;</subfield>
  </datafield>
  <datafield tag="270" ind1=" " ind2=" ">
    <subfield code="b">&#x92A;&#x941;&#x923;&#x947;</subfield>
    <subfield code="a">&#x915;&#x943;&#x937;&#x94D;&#x923;&#x93E;&#x905;&#x930;&#x941;&#x923; &#x928;&#x93F;&#x935;&#x93E;&#x938;, &#x938;&#x930;&#x94D;&#x935;&#x947; &#x928;&#x902;&#x92C;&#x930; 56/2/2, &#x92E;&#x92E;&#x924;&#x93E; &#x932;&#x93E;&#x907;&#x928; &#x928;&#x902;&#x92C;&#x930; 3, &#x935;&#x921;&#x917;&#x93E;&#x902;&#x935; &#x936;&#x947;&#x930;&#x940;, &#x92A;&#x941;&#x923;&#x947;</subfield>
    <subfield code="e">411014</subfield>
  </datafield>
  <datafield tag="300" ind1=" " ind2=" ">
    <subfield code="a">87p.</subfield>
    <subfield code="c">22cm (pb)</subfield>
  </datafield>
  <datafield tag="942" ind1=" " ind2=" ">
    <subfield code="2">ddc</subfield>
    <subfield code="c">EN</subfield>
    <subfield code="h">&#x915;</subfield>
    <subfield code="m">&#x915;&#x941;&#x91F;&#x941;&#x902;&#x92C;</subfield>
  </datafield>
  <datafield tag="999" ind1=" " ind2=" ">
    <subfield code="c">204046</subfield>
    <subfield code="d">204046</subfield>
  </datafield>
  <datafield tag="952" ind1=" " ind2=" ">
    <subfield code="0">0</subfield>
    <subfield code="1">0</subfield>
    <subfield code="4">0</subfield>
    <subfield code="7">0</subfield>
    <subfield code="8">FIC</subfield>
    <subfield code="a">CJ</subfield>
    <subfield code="b">L</subfield>
    <subfield code="d">2024-07-09</subfield>
    <subfield code="e">DBAD</subfield>
    <subfield code="g">250.00</subfield>
    <subfield code="l">0</subfield>
    <subfield code="o">&#x915; &#x915;&#x941;&#x91F;&#x941;&#x902;&#x92C;</subfield>
    <subfield code="p">HN-100305</subfield>
    <subfield code="r">2024-07-09 00:00:00</subfield>
    <subfield code="v">250.00</subfield>
    <subfield code="w">2024-07-09</subfield>
    <subfield code="y">HN</subfield>
  </datafield>
  <datafield tag="952" ind1=" " ind2=" ">
    <subfield code="0">0</subfield>
    <subfield code="1">0</subfield>
    <subfield code="4">0</subfield>
    <subfield code="7">0</subfield>
    <subfield code="8">FIC</subfield>
    <subfield code="a">BL1</subfield>
    <subfield code="b">BL1</subfield>
    <subfield code="d">2025-04-03</subfield>
    <subfield code="e">DBAD</subfield>
    <subfield code="g">250.00</subfield>
    <subfield code="l">0</subfield>
    <subfield code="o">&#x915; &#x915;&#x941;&#x91F;&#x941;&#x902;&#x92C;</subfield>
    <subfield code="p">HN-101933</subfield>
    <subfield code="r">2025-04-03 00:00:00</subfield>
    <subfield code="t">1</subfield>
    <subfield code="v">250.00</subfield>
    <subfield code="w">2025-04-03</subfield>
    <subfield code="y">EN</subfield>
  </datafield>
</record>
